A föderalizmus pozíciói a Nagy Háború korában Friedrich Naumann „Középeurópá”-ja száz év távlatából /

Friedrich Naumann’s famous political essay about his Middle Europe concept, published in 1915 had been regarded highly controversial through the last hundred years. His study was translated into Hungary very soon in 1916 and inspired heated discussions about the future of the covenant bet...

Teljes leírás

Elmentve itt :
Bibliográfiai részletek
Szerző: Gyarmati Enikő
Dokumentumtípus: Cikk
Megjelent: 2017
Sorozat:Közép-európai közlemények 10 No. 1
Kulcsszavak:Közép-Európa története - 19-20. sz.
Online Access:http://acta.bibl.u-szeged.hu/48025
LEADER 01962nab a2200193 i 4500
001 acta48025
005 20260224081030.0
008 170705s2017 hu o 000 hun d
022 |a 1789-6339 
040 |a SZTE Egyetemi Kiadványok Repozitórium  |b hun 
041 |a hun 
100 1 |a Gyarmati Enikő 
245 1 2 |a A föderalizmus pozíciói a Nagy Háború korában   |h [elektronikus dokumentum] :  |b Friedrich Naumann „Középeurópá”-ja száz év távlatából /  |c  Gyarmati Enikő 
260 |c 2017 
300 |a 115-128 
490 0 |a Közép-európai közlemények  |v 10 No. 1 
520 3 |a Friedrich Naumann’s famous political essay about his Middle Europe concept, published in 1915 had been regarded highly controversial through the last hundred years. His study was translated into Hungary very soon in 1916 and inspired heated discussions about the future of the covenant between the German Empire and the Habsburg Monarchy. On the centenary of the Great War the present study’s intention is first to overview the international historiography of this question. According to the main conclusion of this overview the picture of an imperialistic concept of Naumann’s Middle Europe can absolutely be called into doubt. Secondly, in the light of the debate, organised by the Society for Social Sciences between February and April 1916 in Budapest this work also highlights the many pro’s and con’s formulated in the course of the exchange of the ideas. According to our evaluation Naumann’s most famous work had not been rejected uni sono in Hungary. Last but not least with a new reconstruction of the concept’s main ideas this study comes to the conclusion that Naumann had put forward a pladoyer for a custom union between the German Empire and Austria–Hungary in the second year of the Great War. 
695 |a Közép-Európa története - 19-20. sz. 
856 4 0 |u http://acta.bibl.u-szeged.hu/48025/1/kek_036_115-128.pdf  |z Dokumentum-elérés